000 00555nam a22001697a 4500
003 JO-AjAnu
005 20231202093014.0
008 231128b jo ||||| |||| 00| 0 ara d
040 _aJO-AjAnu
_bARA
_cJO-AjAnu
041 _aARA
100 1 _aالعراقي،رياض
_964531
_eمؤلف
245 2 _aالنباتات آكلة الحشرات = Insectivorous Plants /
_cرياض العراقي
260 _aعمان :
_bدار اليازوري،
_c2019
300 _a144صفحة
650 7 0 _aالآفات الزراعية
_964532
942 _2lcc
_cBK
_n0
999 _c33190
_d33190